1597 1668 1014 1040 1748 1527 1901 1279 1051 1009 1440 1587 1845 1778 1711 1977 1474 1403 1825 1030 1676 1651 1499 1672 1634 1785 1218 1319 1633 1593 1508 1651 1215 1470 1498 1612 1058 1749 1192 1107 1101 1901 1265 1382 1316 1241 1546 1806 1947 1801 1777 1618 1674 1393 1788 1692 1393 1209 1812 1556 1568 1953 1690 1875 1034 1081 1086 1647 1065 1627 1541 1742 1912 1593 1543 1852 1946 1224 1562 1272 1774 1407 1052 1621 1095 1970 1568 1571 1662 1203 1312 1315 1859 1894 1638 1016 1519 1271 1479 BCNSPRNW ULIB Ver.6.0+V

เปลี่ยนเป็นภาษาไทย

Change to English
 แสดงรายละเอียดบรรณานุกรม
  กลับหน้าหลัก

Brief Record : Get Marc (ISO 2709) : E-mail record : QR code < ปิดหน้าต่าง
LEADER : 00000nam 2200000uu 4500
001    13399112384
003     ULIB
008    110228s2544||||th 000 0 tha d
020    97429432
060 04 WY85^bน121ก 2544
110 1  วิทยาลัยพยาบาลบรมราชชนนี นครพนม
245 10 การจัดการเรียนการสอนวิชาจริยศาสตร์สำหรับพยาบาล /^cวิทยาลัยพยาบาลบรมราชชนนี นครพนม
250    พิมพ์ครั้งที่ 5
260    นครพนม :^bวิทยาลัยพยาบาลบรมราชชนนี นครพนม,^c2544
300    122 หน้า
650  2 พยาบาล^xจริยศาสตร์
650  7 พยาบาล
650  7 จริยศาสตร์
945    ^p0^l0^i014321
995    ทศพร
999 ^a ใช้งานได้ทุกระบบ
รายการนี้ยังไม่มีแท็ก
คุณยังไม่ได้ล็อกอิน คุณสามารถมีกิจกรรมร่วมกับเว็บไซต์ได้ แต่ต้องล็อกอินก่อน ::
  ล็อกอิน

รายการสื่อสารสนเทศ

ลำดับที่ ประเภท เลขเรียก/บาร์โค้ด สถานที่ สถานะ
- ไม่พบข้อมูล -

รายการใกล้เคียง
    หัวเรื่อง [พยาบาล]
    หัวเรื่อง [จริยศาสตร์]

BibComment


ยังไม่เคยถูกคอมเมนท์

คอมเมนท์ทรัพยากรรายการนี้
  คอมเมนท์: การจัดการเรียนการ..


 Copyright 2026. Bcnsprnw @Library